[Event "Rottach Egern Seniors Cup 12th"]
[Site "Rottach Egern"]
[Date "2024.04.09"]
[Round "4"]
[White "Koopmeiners, Karl"]
[Black "Haefele, Torsten"]
[Result "0-1"]
[WhiteElo "1936"]
[BlackElo "1824"]
[PlyCount "72"]
[EventDate "2024.04.06"]
[EventType "swiss"]
[EventRounds "9"]
[EventCountry "GER"]
[SourceTitle "CB16_2024"]
[SourceDate "2024.04.17"]
[SourceVersion "1"]
[SourceVersionDate "2024.04.17"]
[SourceQuality "1"]

1. d4 f5 2. Nf3 Nf6 3. g3 g6 4. Bg2 Bg7 5. 0-0 0-0 6. c4 d6 7. Nc3 c6 8. Rb1 Qc7 9. b4 e5 10. Qb3 Re8 11. dxe5 dxe5 12. Ng5 h6 13. c5+ Kf8 14. Nh3 Be6 15. Qc2 Qf7 16. e4 fxe4 17. Nxe4 Nxe4 18. Bxe4 Bxh3 19. Bxg6 Qf3 20. Be4 Qf6 21. Rb3 Kg8 22. Rd1 Rd8 23. Qc4+ Kh8 24. Rxd8+ Qxd8 25. Rd3 Qg8 26. Qc2 Na6 27. Rd6 Be6 28. Qd1 Qf7 29. Be3 Nc7 30. a4 Nd5 31. Bd2 Bf8 32. Qe2 Bxd6 33. cxd6 Qf6 34. b5 Rf8 35. f4 exf4 36. Bxd5 Qd4+ 0-1

[Event "Rottach Egern Seniors Cup 12th"]
[Site "Rottach Egern"]
[Date "2024.04.06"]
[Round "1"]
[White "Garlant, Carlo"]
[Black "Koopmeiners, Karl"]
[Result "1/2-1/2"]
[WhiteElo "1700"]
[BlackElo "1936"]
[PlyCount "58"]
[EventDate "2024.04.06"]
[EventType "swiss"]
[EventRounds "9"]
[EventCountry "GER"]
[SourceTitle "CB16_2024"]
[SourceDate "2024.04.17"]
[SourceVersion "1"]
[SourceVersionDate "2024.04.17"]
[SourceQuality "1"]

1. d4 Nf6 2. Nf3 d5 3. Bf4 c5 4. e3 Nc6 5. c3 Qb6 6. Qb3 c4 7. Qxb6 axb6 8. Na3 Ra5 9. Bc7 Ra6 10. Nb5 Bf5 11. Nh4 Bc2 12. Na3 Bg6 13. Nxg6 hxg6 14. Be2 e6 15. Nc2 Kd7 16. Bg3 Ne4 17. 0-0 f5 18. f3 Nxg3 19. hxg3 Bd6 20. Kf2 Raa8 21. f4 Rh6 22. g4 b5 23. b4 Ne7 24. g5 Rhh8 25. a3 Nc8 26. Rh1 Nb6 27. Rxh8 Rxh8 28. Ke1 Rh2 29. Bf3 Na4 1/2-1/2

[Event "NATO-ch 31st"]
[Site "Blankenberge"]
[Date "2021.10.14"]
[Round "6.15"]
[White "Pavlidou, Ekaterini"]
[Black "Koopmeiners, Karl"]
[Result "1-0"]
[WhiteElo "2161"]
[BlackElo "1968"]
[PlyCount "65"]
[EventDate "2021.10.11"]
[EventType "team-swiss"]
[EventRounds "7"]
[EventCountry "BEL"]
[SourceTitle "CBM 204 Extra"]
[Source "ChessBase"]
[SourceDate "2021.11.30"]
[SourceVersion "1"]
[SourceVersionDate "2021.11.30"]
[SourceQuality "1"]
[WhiteTeam "Greece"]
[BlackTeam "NATO LTM"]
[WhiteTeamCountry "GRE"]

1. d4 d5 2. c4 e6 3. Nc3 Nf6 4. cxd5 exd5 5. Bg5 c6 6. e3 h6 7. Bh4 Be7 8. Bd3 Nbd7 9. Nge2 Nh5 10. Bxe7 Qxe7 11. g4 Nhf6 12. Ng3 Nb6 13. h3 Nc4 14. Qe2 Nd6 15. f3 Nc4 16. e4 0-0 17. e5 Nd7 18. 0-0 Re8 19. Nf5 Qb4 20. Bxc4 Qxc4 21. Qd2 Qb4 22. Nd6 Re6 23. f4 Nb6 24. a3 Qa5 25. b4 Qa6 26. f5 Rxd6 27. exd6 Bd7 28. Rfe1 Rd8 29. Qf4 f6 30. Re3 Nc4 31. Re7 Nb2 32. Rae1 Nd3 33. Rxg7+ 1-0

[Event "Mittelrhein Verbandsliga Nord 1920"]
[Site "Mittelrhein"]
[Date "2019.12.08"]
[Round "4.3"]
[White "Koopmeiners, Karl"]
[Black "Baldus, Alexander"]
[Result "1-0"]
[WhiteElo "1989"]
[BlackElo "1855"]
[PlyCount "75"]
[EventDate "2019.09.29"]
[EventType "team-tourn"]
[EventRounds "9"]
[EventCountry "GER"]
[SourceTitle "EXT 2023"]
[Source "ChessBase"]
[SourceDate "2022.10.05"]
[SourceVersion "1"]
[SourceVersionDate "2022.10.05"]
[SourceQuality "1"]
[WhiteTeam "Troisdorf"]
[BlackTeam "Pulheim"]
[WhiteTeamCountry "GER"]
[BlackTeamCountry "GER"]

1. d4 Nf6 2. c4 g6 3. Nc3 Bg7 4. e4 d6 5. Nf3 0-0 6. Be2 e5 7. Be3 Nc6 8. d5 Ne7 9. Nd2 a5 10. c5 Ne8 11. Nc4 f5 12. f3 f4 13. Bf2 g5 14. Rc1 Ng6 15. cxd6 Nxd6 16. Nxd6 Qxd6 17. 0-0 Bd7 18. Nb5 Bxb5 19. Bxb5 Rf6 20. Rc3 Nh4 21. Qb3 Kh8 22. Rfc1 Rh6 23. Rxc7 g4 24. Rc8+ Rxc8 25. Rxc8+ Bf8 26. Bc5 Qxc5+ 27. Rxc5 Bxc5+ 28. Kf1 gxf3 29. gxf3 Rg6 30. Qc3 Bd4 31. Qc8+ Rg8 32. Qh3 Ng2 33. d6 Ne3+ 34. Ke2 Bxb2 35. d7 Nc2 36. Bc4 Nd4+ 37. Kd3 Rd8 38. Be6 1-0

[Event "Mittelrhein Verbandsliga-S 18/19"]
[Site "Nordrheinwestfalen"]
[Date "2019.05.05"]
[Round "10.3"]
[White "Evers, Leo"]
[Black "Koopmeiners, Karl"]
[Result "0-1"]
[WhiteElo "1997"]
[BlackElo "1979"]
[PlyCount "110"]
[EventDate "2018.09.02"]
[EventType "team-tourn"]
[EventRounds "11"]
[EventCountry "GER"]
[SourceTitle "EXT 2022"]
[Source "ChessBase"]
[SourceDate "2021.10.06"]
[SourceVersion "1"]
[SourceVersionDate "2021.10.06"]
[SourceQuality "1"]
[WhiteTeam "Porz SG IV"]
[BlackTeam "Troisdorf"]
[WhiteTeamCountry "GER"]
[BlackTeamCountry "GER"]

1. d4 Nf6 2. c4 e6 3. g3 d5 4. Nf3 Be7 5. Bg2 0-0 6. 0-0 dxc4 7. Qc2 a6 8. a4 Bd7 9. Rd1 Bc6 10. Nc3 Qe8 11. e4 b5 12. Ne5 Bb7 13. Bg5 Nc6 14. Nxc6 Bxc6 15. d5 Bb7 16. dxe6 fxe6 17. Bxf6 Bxf6 18. Rd2 c5 19. Ne2 Rd8 20. Rxd8 Qxd8 21. Rd1 Bd4 22. Nf4 Qe8 23. Rf1 g5 24. Ne2 Qg6 25. Qd2 e5 26. axb5 axb5 27. Qa5 b4 28. Nxd4 cxd4 29. Qxb4 Qf7 30. Qd6 Qf6 31. Qxf6 Rxf6 32. Rc1 Ba6 33. Bf1 d3 34. Rd1 Rb6 35. Rd2 Bb5 36. f3 Ba4 37. Bxd3 cxd3 38. Rxd3 Rxb2 39. Rd8+ Kf7 40. Rh8 Kg7 41. Ra8 Bd1 42. Ra7+ Kf6 43. Ra6+ Ke7 44. Ra7+ Kd6 45. Ra6+ Kc5 46. Re6 Bxf3 47. Rxe5+ Kd4 48. Ra5 Rg2+ 49. Kf1 Rxh2 50. Ra4+ Ke3 51. Ra3+ Kxe4 52. Ra4+ Ke5 53. Ra7 h5 54. Rf7 Ke4 55. Re7+ Kf5 0-1

[Event "Mittelrhein Verbandsliga-S 17/18"]
[Site "Nordrheinwestfalen"]
[Date "2018.04.15"]
[Round "10.2"]
[White "Koopmeiners, Karl"]
[Black "Turco, Alfonso"]
[Result "1-0"]
[WhiteElo "1978"]
[BlackElo "1965"]
[PlyCount "111"]
[EventDate "2017.09.10"]
[EventType "team-tourn"]
[EventRounds "11"]
[EventCountry "GER"]
[SourceTitle "EXT 2022"]
[Source "ChessBase"]
[SourceDate "2021.10.06"]
[SourceVersion "1"]
[SourceVersionDate "2021.10.06"]
[SourceQuality "1"]
[WhiteTeam "Troisdorf"]
[BlackTeam "Satranc Club"]
[WhiteTeamCountry "GER"]
[BlackTeamCountry "GER"]

1. d4 Nf6 2. c4 d6 3. Nc3 g6 4. e4 Bg7 5. Nf3 0-0 6. Be2 Nbd7 7. Be3 h6 8. h3 c5 9. d5 a6 10. a4 Qc7 11. 0-0 e5 12. dxe6 fxe6 13. Qd2 Kh7 14. Rad1 Ne8 15. Nh2 Ndf6 16. f4 Bd7 17. Qc2 Bc6 18. Bd3 e5 19. fxe5 dxe5 20. Nd5 Qd6 21. Be2 Bxd5 22. exd5 Nd7 23. Bd3 a5 24. Nf3 Rf4 25. Bxf4 exf4 26. Rde1 Nf8 27. Re2 Qf6 28. Rfe1 Nd6 29. Re6 Nxe6 30. Rxe6 Qd8 31. Bxg6+ Kg8 32. Ne5 Bxe5 33. Rxe5 Qf6 34. Re6 Qd4+ 35. Kh2 f3 36. gxf3 Qf4+ 37. Kg2 Nxc4 38. Qe2 Qg5+ 39. Kf2 Qh4+ 40. Kg1 Qg3+ 41. Qg2 Qxg2+ 42. Kxg2 Nxb2 43. Rb6 Nxa4 44. Rxb7 Nc3 45. Rc7 Nxd5 46. Bf7+ Kf8 47. Bxd5 Ra6 48. Rxc5 a4 49. Rc2 a3 50. Ra2 Ke7 51. Re2+ Kf6 52. Kg3 Ra5 53. Re6+ Kf5 54. Ba2 h5 55. h4 Rb5 56. Ra6 1-0

[Event "Mittelrhein Verbandsliga-S 17/18"]
[Site "Nordrheinwestfalen"]
[Date "2018.02.04"]
[Round "7.2"]
[White "Koopmeiners, Karl"]
[Black "Fischer, Oliver"]
[Result "1/2-1/2"]
[WhiteElo "1988"]
[BlackElo "1935"]
[PlyCount "59"]
[EventDate "2017.09.10"]
[EventType "team-tourn"]
[EventRounds "11"]
[EventCountry "GER"]
[SourceTitle "EXT 2022"]
[Source "ChessBase"]
[SourceDate "2021.10.06"]
[SourceVersion "1"]
[SourceVersionDate "2021.10.06"]
[SourceQuality "1"]
[WhiteTeam "Troisdorf"]
[BlackTeam "Bruehl II"]
[WhiteTeamCountry "GER"]
[BlackTeamCountry "GER"]

1. d4 d5 2. c4 dxc4 3. e4 e5 4. Nf3 exd4 5. Bxc4 Nc6 6. 0-0 Be6 7. Bb5 Bc5 8. b4 Bb6 9. a4 a6 10. Bxc6+ bxc6 11. a5 Ba7 12. Bb2 Nf6 13. Bxd4 0-0 14. Bxa7 Qxd1 15. Rxd1 Rxa7 16. Nbd2 Rb7 17. Rab1 Rfb8 18. Ne5 Rxb4 19. Rxb4 Rxb4 20. Nxc6 Ra4 21. f3 g6 22. e5 Nd5 23. Ne4 Kg7 24. Nc5 Ra2 25. Nxe6+ fxe6 26. Nd8 Nf4 27. Rd7+ Kg8 28. Rxc7 Rxa5 29. Rc6 Ra1+ 30. Kf2 1/2-1/2

[Event "NATO-ch 28th"]
[Site "Budapest"]
[Date "2017.03.28"]
[Round "2"]
[White "Koopmeiners, Karl"]
[Black "Pavlidou, Ekaterini"]
[Result "0-1"]
[WhiteElo "2004"]
[BlackElo "2166"]
[PlyCount "34"]
[EventDate "2017.03.27"]
[EventType "swiss"]
[EventRounds "7"]
[EventCountry "HUN"]
[SourceTitle "CBM 177 Extra"]
[Source "ChessBase"]
[SourceDate "2017.04.27"]
[SourceVersion "1"]
[SourceVersionDate "2017.04.27"]
[SourceQuality "1"]

1. d4 Nf6 2. c4 e6 3. Nf3 b6 4. g3 Ba6 5. Nbd2 c5 6. e4 d5 7. exd5 exd5 8. Ne5 Bd6 9. Qa4+ Kf8 10. Bg2 cxd4 11. Nef3 Qe7+ 12. Kf1 Bc5 13. b4 Bxb4 14. Nxd4 Kg8 15. Rb1 Bxc4+ 16. Kg1 Qe1+ 17. Nf1 Bc5 0-1

[Event "Mittelrhein Verbandsliga-O 16/17"]
[Site "Nordrheinwestfalen"]
[Date "2017.01.08"]
[Round "6"]
[White "Simons, Peter"]
[Black "Koopmeiners, Karl"]
[Result "1-0"]
[WhiteElo "2061"]
[BlackElo "1946"]
[PlyCount "77"]
[EventDate "2016.09.11"]
[EventType "team-tourn"]
[EventRounds "11"]
[EventCountry "GER"]
[SourceTitle "EXT 2022"]
[Source "ChessBase"]
[SourceDate "2021.10.06"]
[SourceVersion "1"]
[SourceVersionDate "2021.10.06"]
[SourceQuality "1"]
[WhiteTeam "Rheinbacher SF"]
[BlackTeam "Troisdorf"]
[WhiteTeamCountry "GER"]
[BlackTeamCountry "GER"]

1. d4 e6 2. Nf3 Nf6 3. Bg5 d5 4. e3 c5 5. c3 cxd4 6. exd4 h6 7. Bh4 Be7 8. Bd3 0-0 9. 0-0 Nc6 10. Nbd2 Bd7 11. Re1 Rc8 12. Qe2 Nh5 13. Bxe7 Qxe7 14. Ne5 Nf4 15. Qf3 Nxd3 16. Nxd3 Qd6 17. Nb3 b6 18. Rad1 Ne7 19. Rd2 a5 20. a3 Rfd8 21. Ne5 Be8 22. Nc1 Nc6 23. Nxc6 Rxc6 24. Re3 Rdc8 25. Nd3 R6c7 26. Qg4 Re7 27. f4 g6 28. Qh4 f6 29. Qxf6 Kh7 30. Ne5 Rg7 31. Ng4 Bd7 32. Nxh6 Rf8 33. Qh4 Qxf4 34. Ng4+ Kg8 35. Rf2 Rh7 36. Rxf4 Rxh4 37. Nf6+ Rxf6 38. Rxf6 Kg7 39. Ref3 1-0

[Event "Mittelrhein Verbandsliga-O 16/17"]
[Site "Nordrheinwestfalen"]
[Date "2016.11.27"]
[Round "4"]
[White "Dreiocker, Andreas"]
[Black "Koopmeiners, Karl"]
[Result "0-1"]
[WhiteElo "1870"]
[BlackElo "1976"]
[PlyCount "56"]
[EventDate "2016.09.11"]
[EventType "team-tourn"]
[EventRounds "11"]
[EventCountry "GER"]
[SourceTitle "EXT 2022"]
[Source "ChessBase"]
[SourceDate "2021.10.06"]
[SourceVersion "1"]
[SourceVersionDate "2021.10.06"]
[SourceQuality "1"]
[WhiteTeam "Bergische SF II"]
[BlackTeam "Troisdorf"]
[WhiteTeamCountry "GER"]
[BlackTeamCountry "GER"]

1. e4 c5 2. d4 cxd4 3. c3 dxc3 4. Nxc3 Nc6 5. Bc4 e6 6. Nf3 a6 7. 0-0 b5 8. Bb3 Bb7 9. Qe2 Nge7 10. a3 Ng6 11. Rd1 Be7 12. Be3 Rc8 13. Rac1 Na5 14. Ba2 Nc4 15. Bxc4 Rxc4 16. b3 Rc8 17. b4 0-0 18. Qd3 d6 19. a4 bxa4 20. Nxa4 Rxc1 21. Rxc1 Qe8 22. Nc3 Qd7 23. Rb1 Rc8 24. b5 axb5 25. Qxb5 Qxb5 26. Rxb5 Ba6 27. Rb6 Bd3 28. Nb5 Ra8 0-1

[Event "Mittelrhein Verbandsliga-O 16/17"]
[Site "Nordrheinwestfalen"]
[Date "2016.09.11"]
[Round "1"]
[White "Vogel, Ulrich"]
[Black "Koopmeiners, Karl"]
[Result "1-0"]
[WhiteElo "2036"]
[BlackElo "1976"]
[PlyCount "59"]
[EventDate "2016.09.11"]
[EventType "team-tourn"]
[EventRounds "11"]
[EventCountry "GER"]
[SourceTitle "EXT 2022"]
[Source "ChessBase"]
[SourceDate "2021.10.06"]
[SourceVersion "1"]
[SourceVersionDate "2021.10.06"]
[SourceQuality "1"]
[WhiteTeam "Kalker/Deutzer SG"]
[BlackTeam "Troisdorf"]
[WhiteTeamCountry "GER"]
[BlackTeamCountry "GER"]

1. d4 Nf6 2. Bf4 d5 3. e3 c5 4. Nf3 Nc6 5. Nc3 Nh5 6. Bg5 h6 7. Bh4 g5 8. Ne5 Nxe5 9. dxe5 Ng7 10. Qxd5 Qxd5 11. Nxd5 Be6 12. Nc7+ Kd8 13. Nxa8 gxh4 14. 0-0-0+ Kc8 15. Be2 Nf5 16. g4 hxg3 17. hxg3 Bg7 18. g4 Nxe3 19. fxe3 Kb8 20. g5 Kxa8 21. gxh6 Bxe5 22. h7 Kb8 23. Rdg1 f6 24. b3 Kc7 25. Bc4 Bf5 26. Rh5 Be4 27. Rg4 Bf3 28. Rg8 Bxh5 29. Rxh8 Bg6 30. Re8 1-0

[Event "NATO-ch 27th"]
[Site "Shrivenham"]
[Date "2016.08.26"]
[Round "7"]
[White "Risk, Gregory C"]
[Black "Koopmeiners, Karl"]
[Result "1/2-1/2"]
[WhiteElo "1866"]
[BlackElo "2008"]
[PlyCount "57"]
[EventDate "2016.08.22"]
[EventType "swiss"]
[EventRounds "7"]
[EventCountry "ENG"]
[SourceTitle "EXT 2018"]
[Source "ChessBase"]
[SourceDate "2017.10.13"]
[SourceVersion "1"]
[SourceVersionDate "2017.10.13"]
[SourceQuality "1"]

1. c4 c6 2. e4 d5 3. exd5 cxd5 4. d4 Nf6 5. Nc3 Nc6 6. Bg5 dxc4 7. Bxf6 gxf6 8. d5 Ne5 9. Bxc4 Nxc4 10. Qa4+ Bd7 11. Qxc4 Rc8 12. Qb3 Qc7 13. Nge2 Rg8 14. 0-0 h5 15. Rac1 Qe5 16. Qxb7 h4 17. Nb5 Rxg2+ 18. Kxg2 h3+ 19. Kh1 Rxc1 20. Nxc1 Qe4+ 21. f3 Qc2 22. Nc7+ Kd8 23. Qa8+ Bc8 24. Ne6+ fxe6 25. Rg1 e5 26. Qxa7 Qxb2 27. Qa5+ Ke8 28. Qa4+ Kd8 29. Qa5+ 1/2-1/2

[Event "NATO-ch 27th"]
[Site "Shrivenham"]
[Date "2016.08.22"]
[Round "1"]
[White "Chapman, Chas"]
[Black "Koopmeiners, Karl"]
[Result "0-1"]
[WhiteElo "1435"]
[BlackElo "2008"]
[PlyCount "90"]
[EventDate "2016.08.22"]
[EventType "swiss"]
[EventRounds "7"]
[EventCountry "ENG"]
[SourceTitle "EXT 2018"]
[Source "ChessBase"]
[SourceDate "2017.10.13"]
[SourceVersion "1"]
[SourceVersionDate "2017.10.13"]
[SourceQuality "1"]

1. e4 c5 2. Nf3 e6 3. d4 cxd4 4. Nxd4 Nc6 5. Nc3 Qc7 6. Nxc6 bxc6 7. Be2 Nf6 8. Bg5 Be7 9. Qd2 h6 10. Bf4 e5 11. Be3 Rb8 12. Qc1 Bb4 13. Bd2 Bxc3 14. Bxc3 Nxe4 15. Qe3 Nxc3 16. Qxc3 0-0 17. 0-0 d5 18. b3 a5 19. a4 Rb4 20. Rfe1 Re8 21. Rab1 Rf4 22. g3 Rf6 23. Qd2 Qb6 24. Bf1 e4 25. c3 Bb7 26. b4 axb4 27. cxb4 d4 28. a5 Qa7 29. Rb3 Bc8 30. Ra3 Rfe6 31. Qc1 Rd6 32. Ra2 d3 33. Qd2 Ba6 34. Re3 Rd4 35. Rb2 Rb8 36. Bg2 c5 37. Rxe4 c4 38. Qc3 Rxe4 39. Bxe4 Qd7 40. Bf3 Rd8 41. Rd2 Qd4 42. Qxd4 Rxd4 43. Rb2 c3 44. Rb3 c2 45. Rc3 Rxb4 0-1

[Event "Mittelrhein Verbandsliga-O 15/16"]
[Site "Nordrheinwestfalen"]
[Date "2016.05.01"]
[Round "11"]
[White "Lommen, Frank"]
[Black "Koopmeiners, Karl"]
[Result "1/2-1/2"]
[WhiteElo "2039"]
[BlackElo "1979"]
[PlyCount "27"]
[EventDate "2015.09.06"]
[EventType "team-tourn"]
[EventRounds "11"]
[EventCountry "GER"]
[SourceTitle "EXT 2022"]
[Source "ChessBase"]
[SourceDate "2021.10.06"]
[SourceVersion "1"]
[SourceVersionDate "2021.10.06"]
[SourceQuality "1"]
[WhiteTeam "Koeln Lasker II"]
[BlackTeam "Troisdorf"]
[WhiteTeamCountry "GER"]
[BlackTeamCountry "GER"]

1. Nf3 d5 2. g3 Bg4 3. Bg2 Nd7 4. c4 e6 5. cxd5 exd5 6. Qa4 Ngf6 7. Nc3 c6 8. 0-0 Be7 9. d3 0-0 10. Bf4 Nc5 11. Qc2 Ne6 12. Bd2 Bxf3 13. exf3 Re8 14. Rfe1 1/2-1/2

[Event "Mittelrhein Verbandsliga-O 15/16"]
[Site "Nordrheinwestfalen"]
[Date "2016.01.31"]
[Round "7"]
[White "Paulus, Jeffrey"]
[Black "Koopmeiners, Karl"]
[Result "1/2-1/2"]
[WhiteElo "1951"]
[BlackElo "1932"]
[PlyCount "40"]
[EventDate "2015.09.06"]
[EventType "team-tourn"]
[EventRounds "11"]
[EventCountry "GER"]
[SourceTitle "EXT 2022"]
[Source "ChessBase"]
[SourceDate "2021.10.06"]
[SourceVersion "1"]
[SourceVersionDate "2021.10.06"]
[SourceQuality "1"]
[WhiteTeam "Porz SG IV"]
[BlackTeam "Troisdorf"]
[WhiteTeamCountry "GER"]
[BlackTeamCountry "GER"]

1. d4 Nf6 2. Nf3 d5 3. g3 e6 4. Bg2 Be7 5. 0-0 0-0 6. c4 dxc4 7. Ne5 c5 8. dxc5 Bxc5 9. Qc2 Qc7 10. Nxc4 Nc6 11. e3 Rd8 12. Nc3 a6 13. a4 Bd7 14. b3 Nb4 15. Qe2 Bc6 16. e4 Bd4 17. Bd2 Qe7 18. Na2 Nxa2 19. Rxa2 e5 20. Ba5 Re8 1/2-1/2

[Event "Mittelrhein Verbandsliga-O 15/16"]
[Site "Nordrheinwestfalen"]
[Date "2016.01.10"]
[Round "6"]
[White "Koopmeiners, Karl"]
[Black "Engel, Johann"]
[Result "1/2-1/2"]
[WhiteElo "1932"]
[BlackElo "1727"]
[PlyCount "87"]
[EventDate "2015.09.06"]
[EventType "team-tourn"]
[EventRounds "11"]
[EventCountry "GER"]
[SourceTitle "EXT 2022"]
[Source "ChessBase"]
[SourceDate "2021.10.06"]
[SourceVersion "1"]
[SourceVersionDate "2021.10.06"]
[SourceQuality "1"]
[WhiteTeam "Troisdorf"]
[BlackTeam "Bruehl III"]
[WhiteTeamCountry "GER"]
[BlackTeamCountry "GER"]

1. d4 Nf6 2. c4 g6 3. Nc3 Bg7 4. e4 d6 5. Nf3 0-0 6. Be2 Nbd7 7. Be3 e5 8. d5 Ng4 9. Bg5 f6 10. Bh4 a6 11. Nd2 Nh6 12. f3 Qe8 13. b4 f5 14. Bf2 Nf6 15. h3 Qf7 16. 0-0 Nh5 17. c5 Nf4 18. cxd6 cxd6 19. Nc4 Qe7 20. Nb6 Rb8 21. Kh2 Kh8 22. g3 Nxe2 23. Qxe2 Ng8 24. Rac1 Nf6 25. Rc2 Bd7 26. Nxd7 Qxd7 27. Rfc1 Rbc8 28. Nd1 Bh6 29. Be3 Bxe3 30. Qxe3 Rxc2+ 31. Rxc2 Rc8 32. Qc1 Rxc2+ 33. Qxc2 fxe4 34. fxe4 Qb5 35. a3 Kg7 36. Kg2 Qb6 37. Nf2 a5 38. bxa5 Qxa5 39. Qb3 b6 40. Qf3 Qc5 41. g4 Qc1 42. h4 h6 43. Nh3 Qd2+ 44. Nf2 1/2-1/2

[Event "NATO-ch 26th"]
[Site "Amsterdam"]
[Date "2015.07.09"]
[Round "6.23"]
[White "Koopmeiners, Karl"]
[Black "Mottais, Francois"]
[Result "0-1"]
[WhiteElo "2023"]
[BlackElo "2013"]
[PlyCount "42"]
[EventDate "2015.07.06"]
[EventType "swiss"]
[EventRounds "7"]
[EventCountry "NED"]
[SourceTitle "EXT 2016"]
[Source "ChessBase"]
[SourceDate "2015.10.08"]
[SourceVersion "1"]
[SourceVersionDate "2015.10.08"]
[SourceQuality "1"]
[WhiteTeam "NATO"]
[BlackTeam "France"]
[BlackTeamCountry "FRA"]

1. d4 d5 2. Nf3 Nc6 3. g3 Bg4 4. Bg2 Qd7 5. 0-0 0-0-0 6. c3 Bh3 7. b4 f6 8. Qa4 Bxg2 9. Kxg2 h5 10. h4 g5 11. Nbd2 gxh4 12. Nxh4 Nh6 13. Nb3 Nf5 14. Rh1 e5 15. Ng6 Rg8 16. Nxf8 Rdxf8 17. Rxh5 Nxg3 18. fxg3 Qg4 19. Rh3 Qxe2+ 20. Kg1 Rh8 21. Rh4 Rfg8 0-1

[Event "Mittelrhein Verbandsliga Ost 1415"]
[Site "Mittelrhein"]
[Date "2014.10.19"]
[Round "3.3"]
[White "Wuescht, Josef"]
[Black "Koopmeiners, Karl"]
[Result "1/2-1/2"]
[WhiteElo "1871"]
[BlackElo "1962"]
[PlyCount "66"]
[EventDate "2014.09.07"]
[EventType "team-tourn"]
[EventRounds "11"]
[EventCountry "GER"]
[SourceTitle "EXT 2023"]
[Source "ChessBase"]
[SourceDate "2022.10.05"]
[SourceVersion "1"]
[SourceVersionDate "2022.10.05"]
[SourceQuality "1"]
[WhiteTeam "Fritzdorf"]
[BlackTeam "Godesberg IV"]
[WhiteTeamCountry "GER"]
[BlackTeamCountry "GER"]

1. Nf3 d5 2. d4 Nf6 3. e3 Bg4 4. c4 e6 5. Nc3 Be7 6. h3 Bxf3 7. Qxf3 c6 8. cxd5 exd5 9. Bd3 0-0 10. 0-0 Re8 11. Qd1 Nbd7 12. Bf5 Nf8 13. Bd2 Bd6 14. a3 Bc7 15. Rc1 Qd6 16. g3 a5 17. Qf3 Ne6 18. h4 Nf8 19. Kg2 N8d7 20. Rh1 Nb6 21. Bd3 Qe7 22. Qf5 g6 23. Qg5 Kg7 24. e4 Nxe4 25. Nxe4 dxe4 26. Qh6+ Kg8 27. Rce1 Qf8 28. Qxf8+ Kxf8 29. Rxe4 Rxe4 30. Bxe4 Nc4 31. Bc3 Re8 32. Bd3 Nd6 33. h5 Bb6 1/2-1/2